¡Adiós, Mr. Chips! /
Збережено в:
| Автор: | |
|---|---|
| Інші автори: | |
| Формат: | Книга |
| Мова: | Іспанська |
| Опубліковано: |
Santiago, Chile :
Andrés Bello,
2002, c1997
|
| Серія: | (A Partir de 13 Años ;
70) |
| Предмети: | |
| Теги: |
Немає тегів, Будьте першим, хто поставить тег для цього запису!
|
MARC
| LEADER | 00000nam^a2200000^a^4500 | ||
|---|---|---|---|
| 001 | 000185440 | ||
| 005 | 20250521000000.0 | ||
| 009 | 20260310102151.452 | ||
| 020 | |a 956-13-1103-8 | ||
| 037 | |a Acervo ITESO - Biblioteca | ||
| 041 | |a ESP | ||
| 082 | |a 808. 899282 |b HIL | ||
| 100 | |a Hilton, James |e (autor) | ||
| 240 | 1 | 2 | |a [¡Adiós, Mr. Chips!] |
| 245 | 1 | 0 | |a ¡Adiós, Mr. Chips! / |c J. Hilton ; il. de E. Osorio. |
| 264 | 4 | |a Santiago, Chile : |b Andrés Bello, |c 2002, c1997 | |
| 300 | |a 85 p. | ||
| 336 | |a texto |b txt |2 rdacontenido | ||
| 337 | |a sin mediación |b n |2 rdamedio | ||
| 338 | |a volumen |b nc |2 rdasoporte | ||
| 440 | 1 | |a (A Partir de 13 Años ; |v 70) | |
| 545 | 0 | |a James Hilton (1900-1954), escritor inglés reconocido sobre todo por su obra de ficción de 1933, Horizontes perdidos, donde describía un utópico paraíso tibetano que denominó "Shangri La", y por la novela ¡Adiós, Mr. Chips!, referencia obligada en la narrativa juvenil inglesa, sobre la vida profesional de un profesor y su relación con las muchas generaciones de alumnos a quienes dio clases. Ambas obras, junto con otras más, fueron llevadas, con bastante éxito de taquilla, a la pantalla grande; la primera, por Frank Capra, la segunda, por Sam Wood. Después de su temprano éxito como escritor, se dedicó a escribir guiones de cine en Estados Unidos, donde, además, fue vicepresidente del Sindicato de Guionistas y colaboró en el comité de la Academy of Motion Picture Arts and Sciences. Algunas de sus obras son las novelas: Catherine Herself (1920), Murder at School, And Now Goodbye (1931), Knight without Armour, Rage in Heaven, Random Harvest, Nothing So Strange and Morning Journey; los guiones cinematográficos para Camille (1936), Foreign Correspondent (1940), Forever and a Day (1943), The Story of Dr. Wassell (1943), The Tuttles of Tahiti (1942) and We Are Not Alone (1939). En 1942 recibió el Oscar al mejor libreto por Mrs Miniver. | |
| 649 | |a XX | ||
| 650 | |a Profesores en la Literatura | ||
| 650 | |a Alumnos en la Literatura | ||
| 650 | |a Novela Inglesa | ||
| 650 | |a Literatura Inglesa - |y Siglo XX | ||
| 650 | |a Literatura Juvenil - |z Inglaterra | ||
| 650 | |a Relaciones Maestro-Alumno en la Literatura | ||
| 650 | |a Educación Primaria - |z Inglaterra | ||
| 700 | |a Osorio, Eduardo |e (ilustración) | ||
| 910 | |a Fondo General | ||
| 920 | |a Impresos - Libros | ||
| 930 | |a Colección General | ||
| 940 | |a Literatura | ||
| 905 | |a 101 | ||
| 901 | |a 0500126794 |b IT1 |c LIT |u 20250521 | ||
| 902 | |a https://opac.biblio.iteso.mx/vufind/Record/000185440 | ||